Countries that Start with S with Exceptions - Statistics

General Stats
  • This quiz has been taken 620 times
    532 since last reset
  • The average score is 11 of 14
Answer Stats
Country % Correct
Sweden
89%
Switzerland
87%
Slovakia
86%
Slovenia
85%
Serbia
82%
Spain
82%
Sudan
82%
Syria
80%
Somalia
79%
Suriname
79%
Senegal
75%
Singapore
72%
Samoa
70%
Seychelles
68%
No matching quizzes found
Score Distribution
Percent of People with Each Score
Percentile by Number Answered
Your Score History
You have not taken this quiz since the last reset